Responses for show #8441 - Monday, July 12, 2021

First game with George Stephanopoulos as guest host.
Champion's winnings & consolation amounts matched to Share Our Strength's No Kid Hungry campaign.

Contestants

[<< previous game]

Tim Moon, an attorney originally from Syracuse, New York

Jaclyn Schuenzel, a stay-at-home mom from Redmond, Washington

Jen Jazwinski, an early literacy librarian from Algonquin, Illinois (whose 2-day cash winnings total $59,201)

[next game >>]

Jeopardy! Round responses

AN ILLUSTRATED LIFE
LAND OF NICKNAMES
PHARMACEUTICALS
COLD WORDS
"S" IS FOR SUMMER
GAMER'S DELIGHT
(George: And here's a special guest who's a gamer and a YouTube star.) (J.D.: I'm J.D. Witherspoon with clues about the amazing world of gaming, past and present.)
    $200 1
Houdini

Jaclyn
    $200 23
Egypt

Jaclyn
    $200 16
the heart

Jen
    $200 8
(Jaclyn: What is Netflix and [*]?)
(George: Correct.)
(Jaclyn: What is [*]?)

chill

Jaclyn
    $200 29
sandals

Tim
    $200 2
Astro

Jaclyn
    $400 4
Rod Serling

Triple Stumper
    $400 24
Peru

Tim
    $400 17
(Jen: What is an antihistamine?)

a decongestant

Jen
Triple Stumper
    $400 9
the Arctic Circle

Tim
    $400 27
(Tim: What is an Icee?)

a Slurpee

JenTim
    $400 3
Pac-Man

Jen
    $600 5
David Bowie

Tim
    $600 14
New Zealand

Jen
    $600 18
a steroid

Jen
    $600 10
a Frosty

Jen
    $600 19
surfing

Jen
    $600 6
Clank

Tim
    $800 15
Roberto Clemente

Tim
    $1,600 25
Mongolia

Tim
    $800 21
fungal

Jaclyn
    $800 11
the icebox

Tim
    $800 20
a stingray

Tim
    $800 7
demolition derby

Jen
    $1000 30
Fun Home

Jen
    $1000 26
Cambodia

Tim
    $1000 22
sedatives

Triple Stumper
    $1000 13
aloof

Triple Stumper
    $1000 28
stickball

Tim
    $1000 12
a solid-state drive

Tim

Scores at the first commercial break (after clue 15):

Jen Jaclyn Tim
$2,400 $600 $4,200

Scores at the end of the Jeopardy! Round:

Jen Jaclyn Tim
$4,800 $1,600 $8,800

Double Jeopardy! Round responses

THE SECRETARY OF STATE, IN BRIEF
FRENCH LITERATURE
BUDDHISM
LOGOMANIA
OLD TV THEME SONGS
"Z" IN THE MIDDLE
(George: Each response has a "Z" exactly in the middle of the word.)
    $400 22
Thomas Jefferson

Jaclyn
    $400 30
Les Misérables

Jen
    $400 17
Zen

Tim
    $400 10
CBS

Jaclyn
    $400 1
"The Brady Bunch"

Jaclyn
    $400 16
a razor

Tim
    $800 23
Sherman

Jaclyn
    $800 5
Little Red Riding Hood

Tim
    $800 18
karma

Tim
    $800 6
Atari

Tim
    $800 2
WKRP in Cincinnati

Jaclyn
    $800 12
a seizure

Jaclyn
    $1200 24
Pompeo

Tim
    $1200 27
George Sand

Triple Stumper
    $1200 19
suffering

Tim
    $1200 7
IBM

Jaclyn
    $1200 3
The Dukes of Hazzard

Jaclyn
    $1200 13
a calzone

Jen
    $2,000 25
Kissinger

Tim
    $1600 28
Gigi

Jen
    $2,600 20
the lotus

Tim
    $1600 8
Tommy Hilfiger

Tim
    $1600 4
(Jaclyn: What is Bonanza?)

Rawhide

JenJaclyn
    $1600 14
a glazier

Tim
    $2000 26
Albright

Jen
    $2000 29
the Prix Goncourt

Triple Stumper
    $2000 21
8

Triple Stumper
    $2000 9
Spain

Triple Stumper
    $2000 11
"Suicide Is Painless"

Jen
    $2000 15
benzene

Triple Stumper

Scores at the end of the Double Jeopardy! Round:

Jen Jaclyn Tim
$13,600 $6,000 $22,200

[wagering suggestions for these scores]

Final Jeopardy! Round responses

COLLEGE LIFE
(George: [To Jen] The [*] Club later became a famous Harvard institution.)
JaclynWhat is Figgy Pudding?
$6,000
JenWhat is Hasty Pudding?
$13,600
TimWhat is Hasty Pudding
$6,000
hasty pudding

Final scores:

Jen Jaclyn Tim
$27,200 $0 $28,200
2nd place: $2,000 3rd place: $1,000 New champion: $28,200

Game dynamics:

Coryat scores:

Jen Jaclyn Tim
$13,600 $6,000 $20,000
15 R,
1 W
13 R,
1 W
23 R
(including 3 DDs),
1 W

Combined Coryat: $39,600

The J! Archive is created by fans, for fans. The Jeopardy! game show and all elements thereof, including but not limited to copyright and trademark thereto, are the property of Jeopardy Productions, Inc. and are protected under law. This website is not affiliated with, sponsored by, or operated by Jeopardy Productions, Inc. Join the discussion at JBoard.tv.